Responses for show #7455 - Friday, January 27, 2017

Lisa Schlitt game 1.

Contestants

Paul Cox, a portfolio manager from Austin, Texas

Lisa Schlitt, a microbiologist from Berwyn, Pennsylvania

Christy Karras, a writer and editor from Seattle, Washington (whose 1-day cash winnings total $30,600)

Jeopardy! Round responses

WHAT COUNTRY ARE YOU FROM?
LITERATURE
1960s POP LYRICS
BEFORE HE WAS PRESIDENT
GERMAN FOOD & DRINK
JUST "ASP" ME
    $200 1
Russia

Christy
    $200 16
haiku

Christy
    $200 26
downtown

Christy
    $200 21
Woodrow Wilson

Lisa
    $200 6
cabbage

Christy
    $200 7
grasp

Paul
    $400 2
England

Paul
    $400 17
Catch-22

Lisa
    $400 27
return to sender

Lisa
    $400 22
Nixon

Christy
    $400 8
bratwurst

Lisa
    $400 12
aspersions

Christy
    $600 3
Saudi Arabia

Christy
    $600 18
Siddhartha

Christy
    $600 28
Monday, Monday

Paul
    $600 23
George H.W. Bush

Christy
    $600 9
Beck's

Lisa
    $600 13
the aspect ratio

Christy
    $800 4
Brazil

Lisa
    $800 19
Brave New World

Paul
    $800 29
Penny Lane

Lisa
    $3,000 24
(Harry) Truman

Christy
    $800 10
Stollen

Triple Stumper
    $800 14
aspiration

Paul
    $1000 5
the Philippines

Triple Stumper
    $1000 20
the Dubliners

Paul
    $1000 30
(Christy: What is "Can you tell me your name?")

"Won't you tell me your name?"

ChristyLisa
    $1000 25
(Lisa: Who is McKinley?)

Grover Cleveland

Lisa
Triple Stumper
    $1000 11
Riesling

Lisa
    $1000 15
aspic

Christy

Scores at the first commercial break (after clue 15):

Christy Lisa Paul
$3,000 $2,800 $1,400

Scores at the end of the Jeopardy! Round:

Christy Lisa Paul
$7,000 $4,600 $3,800

Double Jeopardy! Round responses

"A" FOR ART
PUTTIN' OUT THE WELCOME MUTT
TEXTURES
GOVERNMENT & TV
AN INVENTIVE CATEGORY
THE NAME ON THE AIRPORT
    $400 1
abstract

Christy
    $400 4
a greyhound

Paul
    $400 5
woolly

Lisa
    $400 9
the FBI

Christy
    $400 22
matches

Christy
    $400 17
Springfield

Christy
    $800 2
alabaster

Paul
    $800 6
a wolfhound

Paul
    $800 26
coarse

Triple Stumper
    $800 10
Chief of Staff

Lisa
    $800 23
a clothespin

Lisa
    $800 18
Mother Teresa

Christy
    $1200 3
an altarpiece

Lisa
    $1200 11
a boxer

Lisa
    $1200 27
gummy

Paul
    $1200 14
the Centers for Disease Control (or CDC)

Paul
    $6,000 24
fiberglass

Lisa
    $1200 19
Charles Schulz

Lisa
    $1,500 7
adoration (of the Magi)

Paul
    $1600 12
an Old English Sheepdog

Triple Stumper
    $1600 28
ribbed

Lisa
    $1600 15
Chuck

Paul
    $1600 25
(Alex: 'Cause he wound up inventing the telephone-- [*].)

Alexander Graham Bell

Triple Stumper
    $1600 20
Beirut

Paul
    $2000 8
the Ashcan School

Christy
    $2000 13
a terrier

Paul
    $2000 29
greasy

Triple Stumper
    $2000 16
(Lisa: What is the NSA?)
(Alex: [*], yes. No, sorry. Oh, dear. I gave it to you.)

NASA

Lisa
Triple Stumper
    $2000 30
(Lisa: What's an astrolabe?)

a sextant

Lisa
Triple Stumper
    $2000 21
General Billy Mitchell

Triple Stumper

Scores at the end of the Double Jeopardy! Round:

Christy Lisa Paul
$11,400 $13,800 $14,900

[wagering suggestions for these scores]

Final Jeopardy! Round responses

AFRICAN CITIES
(Alex: All right, South Africa has three capital cities.)
ChristyWhat is Pretoria
$3,501
LisaWhat is Bloemfontain?
$13,800
PaulWhat is Cape Town?
$12,701
Bloemfontein

Final scores:

Christy Lisa Paul
$7,899 $27,600 $2,199
2nd place: $2,000 New champion: $27,600 3rd place: $1,000

Game dynamics:

Coryat scores:

Christy Lisa Paul
$9,200 $9,000 $15,000
18 R
(including 1 DD),
1 W
17 R
(including 1 DD),
3 W
15 R
(including 1 DD),
0 W

Combined Coryat: $33,200

The J! Archive is created by fans, for fans. The Jeopardy! game show and all elements thereof, including but not limited to copyright and trademark thereto, are the property of Jeopardy Productions, Inc. and are protected under law. This website is not affiliated with, sponsored by, or operated by Jeopardy Productions, Inc. Join the discussion at JBoard.tv.